Statistics for State Quiz - California

Click here to take the quiz!

General Stats

  • This quiz has been taken 15,828 times
  • The average score is 15 of 20

Answer Stats

HintAnswer% Correct
Most populous cityLos Angeles
99%
Capital citySacramento
93%
Where Apple, Google, and Facebook
have their headquarters
{Silicon} Valley
93%
Lowest and hottest place in the U.S.{Death} Valley
93%
Animal depicted on California's flagBear
90%
Actors who became governorArnold
Schwarzenegger
89%
Countries that formerly owned
California
Mexico
88%
If you were to sail due west from
California, which country would
you be most likely to land in?
Japan
87%
Countries that formerly owned
California
Spain
85%
What Napa Valley is famous forWine
83%
Fault line that runs along most of
California's coast
San Andreas
77%
California's most-visited National ParkYosemite
76%
Actors who became governorRonald Reagan
70%
Zip code of Beverly Hills90210
70%
State nicknameThe {Golden} State
69%
Year of the California gold rush1849
67%
Large lake on the Nevada borderLake Tahoe
60%
World's largest species of treeGiant Sequoia
57%
Desert in southeast CaliforniaMojave Desert
57%
Tallest mountain in the U.S.
outside of Alaska
Mt. Whitney
30%

Score Distribution

Percentile by Number Answered

Percent of People with Each Score

Your Score History

You have not taken this quiz